Quốc triều hình luật : Lịch sử hình thành, nội dung và giá trị

Giới thiệu sự hình thành quốc triều hình luật, tư tưởng Đức trị và Pháp trị trong quốc triều hình luật, vấn đề tội phạm, hình phạt trong quốc triều hình luật,...

保存先:
書誌詳細
第一著者: Lê, Thị Sơn
フォーマット: 図書
言語:Undetermined
出版事項: Hà Nội Khoa học Xã hội 2004
主題:
タグ: タグ追加
タグなし, このレコードへの初めてのタグを付けませんか!
Thư viện lưu trữ: Trung tâm Học liệu Trường Đại học Cần Thơ
LEADER 00939nam a2200229Ia 4500
001 CTU_170101
008 210402s9999 xx 000 0 und d
082 |a 345.597 
082 |b S464 
100 |a Lê, Thị Sơn 
245 0 |a Quốc triều hình luật : 
245 0 |b Lịch sử hình thành, nội dung và giá trị 
245 0 |c Lê Thị Sơn (chủ biên) 
260 |a Hà Nội 
260 |b Khoa học Xã hội 
260 |c 2004 
520 |a Giới thiệu sự hình thành quốc triều hình luật, tư tưởng Đức trị và Pháp trị trong quốc triều hình luật, vấn đề tội phạm, hình phạt trong quốc triều hình luật,... 
650 |a Law,Luật 
650 |x History,Lịch sử 
650 |z Vietnam,Việt Nam 
904 |i Cẩm Ý 
980 |a Trung tâm Học liệu Trường Đại học Cần Thơ